00329 a2200109 4500001000900000005001700009008004100026245003700067100002200104773007600126999001700202ART_954020260410161836.0260409a 10aEl tratado de Montevideo de 19801 aFratalocchi, Aldo0 tContabilidad y administracióng- Año 4, Nº 47 (may. 1981)wREV5485 c23660d23660